00640nam a2200193Ia 4500008004100000020001800041082001800059100002100077245002700098250000800125260006600133300002900199500001900228600002000247650002000267942000700287952013500294999001700429240925s9999 xx 000 0 und d a9788120417861 a338.10973 RED aReddy, S. Subba. 0aAgricultural Economics a2nd aNew Delhi:bCBS Publishers and Distributors Pvt. Ltd.c,2019. axxix, 737p.b0fOriginal aIncludes Index aSocial Sciences aSocial Sciences cBK 001040708SSaUITUbUITUd2019-02-02eAllied Book Companyg795.00l0o338.10973 REDpQ14345r2024-09-25 07:17:16w2024-09-25yBK c16844d16844